000 00321nam a2200121 a 4500
008 100920s1968|||| d
100 1 _aErenburg, Iľja
245 1 0 _aNeobyčajné dobrodružstvá Julia Jurenita a jeho žiakov
260 _bTatran
_aBratislava
_c1968
020 _c15,50
044 _axo
_cSK
041 _aslo
999 _c10504
_d10504